1648 1991 1430 1792 1866 1188 1960 1213 1450 1684 1432 1651 1736 1892 1076 1470 1627 1355 1236 1386 1047 1272 1393 1326 1717 1115 1208 1772 1705 1540 1901 1506 1471 1584 1008 1809 1545 1063 1567 1782 1400 1432 1664 1552 1867 1149 1102 1293 1517 1280 1847 1580 1170 1330 1033 1020 1009 1041 1656 1042 1687 1289 1848 1362 1459 1890 1731 1698 1113 1638 1140 1581 1109 1825 1216 1288 1060 1692 1159 1273 1696 1925 1632 1327 1650 1893 1623 1941 1096 1498 1633 1215 1362 1601 1962 1139 1035 1084 1686 BCNSPRNW ULIB Ver.6.0+V

เปลี่ยนเป็นภาษาไทย

Change to English
 แสดงรายละเอียดบรรณานุกรม
  กลับหน้าหลัก

Brief Record : Get Marc (ISO 2709) : E-mail record : QR code < ปิดหน้าต่าง
LEADER : 00000nam 2200000uu 4500
001    13399123527
003     ULIB
008    141003s2556||||th 000 0 tha d
020    ^a9786169161509
060  4 ^aWS280^bน927
245 00 ^aแนวทางการดูแลรักษาโรคติดเชื้อเฉียบพลันระบบหายใจในเด็ก /^c[บรรณาธิการ นวลจันทร์ ปราบพาล, จิตลัดดา ดีโรจนวงศ์]
250    ^aพิมพ์ครั้งที่ 1.
260    ^aกรุงเทพฯ :^bชมรมโรคระบบหายใจและเวชบำบัดวิกฤตในเด็กแห่งประเทศไทย,^c2556.
300    ^a192 หน้า :^bภาพประกอบ.
650  7 ^aเด็ก^xโรค
650  7 ^aทางเดินหายใจ^xโรคในวัยทารกและเด็ก^xการรักษา
650  7 ^aทางเดินอากาศหายใจ, การติดเชื้อ^xในวัยทารกและเด็ก^xการรักษา
700 0  ^aจิตลัดดา ดีโรจนวงศ์,^eบรรณาธิการ
700 0  ^aนวลจันทร์ ปราบพาล,^eบรรณาธิการ
710 2  ^aชมรมโรคระบบหายใจและเวชบำบัดวิกฤตในเด็กแห่งประเทศไทย
945    ^p0^l0^i036082
945    ^p0^l0^i036083
945    ^p0^l0^i036084
945    ^p0^l0^i036085
945    ^p0^l0^i036086
945    ^p0^l0^i036087
945    ^p0^l0^i036088
999    ^aเกษร โพธิ์สุวรรณ
รายการนี้ยังไม่มีแท็ก
คุณยังไม่ได้ล็อกอิน คุณสามารถมีกิจกรรมร่วมกับเว็บไซต์ได้ แต่ต้องล็อกอินก่อน ::
  ล็อกอิน

รายการสื่อสารสนเทศ

ลำดับที่ ประเภท เลขเรียก/บาร์โค้ด สถานที่ สถานะ
1. วิทยาศาสตร์การแพทย์ และสุขภาพ
หนังสือสำรอง
สถานะ=หนังสือสำรอง
WS280 น927 ฉ.1 
  Barcode: 036082
ห้องสมุดวิทยาเขตสวรรค์ประชารักษ์
►ส่วนจัดเก็บหนังสือเก่า สปร
บนชั้น
  ขอยืม
2. วิทยาศาสตร์การแพทย์ และสุขภาพ
วิทยาศาสตร์การแพทย์ และสุขภาพ
WS280 น927 ฉ.2 
  Barcode: 036083
ห้องสมุดวิทยาเขตสวรรค์ประชารักษ์
►ส่วนจัดเก็บหนังสือเก่า สปร
บนชั้น
  ขอยืม
3. วิทยาศาสตร์การแพทย์ และสุขภาพ
วิทยาศาสตร์การแพทย์ และสุขภาพ
WS280 น927 ฉ.3 
  Barcode: 036084
ห้องสมุดวิทยาเขตสวรรค์ประชารักษ์
►ส่วนจัดเก็บหนังสือเก่า สปร
บนชั้น
  ขอยืม
4. วิทยาศาสตร์การแพทย์ และสุขภาพ
วิทยาศาสตร์การแพทย์ และสุขภาพ
WS280 น927 ฉ.4 
  Barcode: 036085
ห้องสมุดวิทยาเขตสวรรค์ประชารักษ์
►ส่วนจัดเก็บหนังสือเก่า สปร
บนชั้น
  ขอยืม
5. วิทยาศาสตร์การแพทย์ และสุขภาพ
วิทยาศาสตร์การแพทย์ และสุขภาพ
WS280 น927 ฉ.5 
  Barcode: 036086
ห้องสมุดวิทยาเขตสวรรค์ประชารักษ์
►ส่วนจัดเก็บหนังสือเก่า สปร
บนชั้น
  ขอยืม
6. วิทยาศาสตร์การแพทย์ และสุขภาพ
วิทยาศาสตร์การแพทย์ และสุขภาพ
WS280 น927 ฉ.6 
  Barcode: 036087
ห้องสมุดวิทยาเขตสวรรค์ประชารักษ์
►ส่วนจัดเก็บหนังสือเก่า สปร
บนชั้น
  ขอยืม
7. วิทยาศาสตร์การแพทย์ และสุขภาพ
วิทยาศาสตร์การแพทย์ และสุขภาพ
WS280 น927 ฉ.7 
  Barcode: 036088
ห้องสมุดวิทยาเขตสวรรค์ประชารักษ์
►ส่วนจัดเก็บหนังสือเก่า สปร
บนชั้น
  ขอยืม

BibComment


ยังไม่เคยถูกคอมเมนท์

คอมเมนท์ทรัพยากรรายการนี้
  คอมเมนท์: แนวทางการดูแลรัก..


 Copyright 2026. Bcnsprnw @Library